The Real Orange County Characters Quiz Stats

Quiz not verified by Sporcle

Challenge
Share
Tweet
Embed
Score 0/32 Timer 05:00
0 Plays Today
Cast member % Correct
Lauren Conrad
99.5%
Stephen Colletti
90.8%
Kristin Cavallari
89.4%
Lauren 'Lo' Bosworth
87.1%
Taylor Cole
82.9%
Kristin Cavallari
81.1%
Talan Torriero
77.4%
Trey Phillips
66.8%
Jason Wahler
58.5%
Lauren Conrad
58.5%
Morgan Olsen
56.2%
Alexandra 'Alex M' Murrel
55.8%
Talan Torriero
53.9%
Jessica Smith
53%
Christina Schuller
52.1%
Stephen Colletti
51.6%
Cast member % Correct
Raquel 'Rocky' Donatelli
30.9%
Cameron Brinkman
30.4%
Breanna Conrad
29%
Chase Johnson
28.6%
Kyndra Mayo
24.9%
Alexandra 'Lexie' Contursi
23.5%
Tessa Keller
20.7%
Cameron 'Cami' Edwards
19.8%
Kelan Hurley
18%
Christina 'Chrissy' Schwartz
14.3%
Chase Cornwell
14.3%
Clay Adler
13.4%
Allison 'Allie' Stockton
10.6%
Grant Newman
10.1%
Sasha Dunlap
9.7%
Taylor Geiney
7.4%

You're not logged in!

Compare scores with friends on all Sporcle quizzes.
Join for Free
OR
Log In

You Might Also Like...

Show Comments

Extras

Top Quizzes Today


Score Distribution

Your Account Isn't Verified!

In order to create a playlist on Sporcle, you need to verify the email address you used during registration. Go to your Sporcle Settings to finish the process.

Report this User

Report this user for behavior that violates our Community Guidelines.

Details: